Normal view
MARC view
- اعداد الدويري، مروان محمد نهار؛ اشراف عبد الناصر محمد صالح جابر
Entry Personal Name
001 - CONTROL NUMBER
- control field: 57877
003 - CONTROL NUMBER IDENTIFIER
- control field: JO-AjAnu
005 - DATE AND TIME OF LATEST TRANSACTION
- control field: 20230606083456.0
008 - FIXED-LENGTH DATA ELEMENTS
- fixed length control field: 230606|| aca||aabn | a|a d
040 ## - CATALOGING SOURCE
- Original cataloging agency: JO-AjAnu
- Transcribing agency: JO-AjAnu
100 ## - HEADING--PERSONAL NAME
- Personal name: اعداد الدويري، مروان محمد نهار؛ اشراف عبد الناصر محمد صالح جابر
670 ## - SOURCE DATA FOUND
- Source citation: Work cat.: (JO-AjAnu)29530: اعداد الدويري، مروان محمد نهار؛ اشراف عبد الناصر محمد صالح جابر, author, القواعد الفقهية في اجتهاد محاكم الاستئناف الشرعية الأردنية = The Jurisprudential Rules in Judgment of Jordanian shari,a Appeal Courts